• 首页
  • 本馆介绍
  • 公告通知
  • 最新文献
  • 馆藏检索
  • 电子资源
  • 读者导购
  • 参考咨询
  • 我的图书馆
  • 登录
  • 详细信息显示
  • 放入我的书架
  • 预约/预借图书
  • 作者相关作品
  • 分类相关作品
  • 丛书相关作品
  • 出版社相关作品

书目信息

  • 表格格式
  • 工作单格式
  • 卡片格式
题名:
学习能力发展心理学
    
 
作者: 李洪玉 , 何一粟 著
分册:  
出版信息: 合肥   安徽教育出版社  2004
页数: 463页
开本: 23cm
丛书名: 儿童心理与行为研究书系
单 册:
中图分类: G442 , B84
科图分类:
主题词: 儿童心理学--学习心理学 , 心理学
电子资源:
ISBN: 7-5336-3679-1
000 00949oam2 2200289 450
001 1536041039
005 20151111114706.17
010    @a7-5336-3679-1@dCNY35.00
100    @a20041101d2004 emky0chiy50 ea
101 0  @achi
102    @aCN@b340000
105    @ay z 000yy
200 1  @a学习能力发展心理学@9xue xi neng li fa zhan xin li xue@f李洪玉,何一粟著
210    @a合肥@c安徽教育出版社@d2004
215    @a463页@d23cm
225 2  @a儿童心理与行为研究书系
300    @a国家“十五”重点图书 教育部人文社会科学重点研究基地成果
330    @a本书从儿童心理与行为发展的角度,论述了学习过程与学习能力,智力与学科学习能力,创造力与学习以及非智力因素与学习等。
461  0 @12001 @a儿童心理与行为研究书系
606 0  @a儿童心理学@x学习心理学
606 0  @a心理学
690    @aG442@v5
690    @aB84@v4
701  0 @a李洪玉@9li hong yu@4著
701  0 @a何一粟@9he yi su@4著
801  0 @aCN@bTSSF@c20150204
905    @aZUCC@dB84@eJY467
    
    学习能力发展心理学/李洪玉,何一粟著.-合肥:安徽教育出版社,2004
    463页;23cm.-(儿童心理与行为研究书系)
    国家“十五”重点图书 教育部人文社会科学重点研究基地成果
    
    ISBN 7-5336-3679-1:CNY35.00
    本书从儿童心理与行为发展的角度,论述了学习过程与学习能力,智力与学科学习能力,创造力与学习以及非智力因素与学习等。
●
相关链接 在E读中查询图书 在五车中查询图书 在当当中查询图书 在豆瓣中查询图书


正题名:学习能力发展心理学     索取号:B84/JY467         预约/预借

序号 登录号 条形码 馆藏地/架位号 状态 备注
1 7846222   278462227   学院路分馆/ [索取号:B84/JY467] 在馆    
2 7865561   278655616   学院路分馆/ [索取号:B84/JY467] 在馆    
唐山师范学院图书馆 欢迎您!
大连网信软件有限公司© 版权所有